Gospodarze Igrzysk Olimpijskich - Statystyki

Ogólne statystyki
  • Ten quiz został rozwiązany 26 120 razy
  • Średni wynik to 19 z 24
Statystyki odpowiedzi
# Państwo % Poprawnych
10 Stany Zjednoczone
97%
7 Francja
96%
4 Japonia
96%
1 Rosja
96%
2 Chiny
95%
3 Niemcy
95%
1 Brazylia
94%
1 Hiszpania
92%
3 Kanada
92%
3 Wielka Brytania
90%
4 Włochy
90%
1 Meksyk
85%
2 Grecja
84%
3 Australia
83%
2 Norwegia
83%
1 Szwecja
83%
2 Korea Południowa
82%
1 Finlandia
75%
2 Austria
66%
2 Szwajcaria
63%
1 Holandia
59%
1 Belgia
56%
1 Związek Radziecki
43%
1 Jugosławia
39%
Nie znaleziono quizów pasujących do podanych kryteriów
Rozkład punktacji
Procent ludzi z każdym wynikiem
Percentyl według liczby udzielonych odpowiedzi
Twoja historia wyników
Nie rozwiązałeś tego quizu